| 000 | 00358nam a22001457a 4500 | ||
|---|---|---|---|
| 020 | _a978-0177612992 | ||
| 027 | _qPB. | ||
| 040 | _cFizza Ishaq | ||
| 082 |
_a551 _bHOL |
||
| 100 |
_aHolmes, A. _955354 |
||
| 245 |
_aPrinciples of Physical Geology / _carthur holmes |
||
| 260 |
_aLondon : _bthomas nelson, _c1959. |
||
| 300 | _a532 p. ; | ||
| 942 |
_2ddc _cBKB |
||
| 999 |
_c566188 _d566188 |
||